000 00684nam a2200241Ia 4500
001 1367
003 GE_BSU
008 181216s||||||||xx |||||||||||||| ||und||
020 _a5222099512
040 _cGE_BSU
080 _a811.161.1(075.8)
100 _aШумилина,А.П.
245 _aРусский язык для работы с иностранцами.
245 _bУч-е пособие
260 _aРостов на Дону
260 _bФеникс
260 _c2006
300 _a456стр.
541 _h12л.
653 _aРусский язык
653 _aРусский язык для работы с иностранцами
942 _cBK
999 _c35506
_d35506